Представление документа в формате MARC21

Поле Инд. ПП Название Значение
Тип записи a
Библиографический уровень m
001 Контрольный номер 3282c11d-a5e7-4ef2-8190-2c202f911288
005 Дата корректировки 20131112071557.9
008 Кодируемые данные 010206 d
020 c Цена, тираж 29.75
040 a Служба первич. каталог. НБ ТвГУ
041 a Код языка текста ger
080 a Индекс УДК 541.1:536.7(075.8)
084 a Индекс другой классификации/Индекс ББК Г531я731-1
090 x Авторский знак H39
a Полочн. индекс Г531
100 1_ a Автор Havemann Robert
245 00 a Заглавие Einfuehrung in die chemische Thermodynamik
c Ответственность Von Robert Havemann
260 0_ a Место издания Berlin
b Издательство Dt. Verl. der Wiss.
c Дата издания 1957
300 a Объем X,296 S.
b Иллюстрации/ тип воспроизводства Ill.
440 a Серия Hochchulb. fuer Physik /Hrsg. von F.X. Eder u. R. Rompe
490 v N тома Bd.28
504 a Библиография Sachverz.: S.292-296.
583 a Действие Получение впервые 45 06.02.2001
k Исполнитель действия Дар Михеева В.Н.
650 a Основная рубрика Химическая термодинамика
x Основная подрубрика Учебники для вузов
650 a Основная рубрика Физическая химия
653 a Ключевые слова Химическая термодинамика
a Ключевые слова Термодинамика
a Ключевые слова Физическая химия
852 t Порядковый номер экземпляра 1
p Инвентарный номер 731521
888 a Бесплатные
930 a Новая/Ретро учебники
a Новая/Ретро иностр
a Новая/Ретро нем
952 p 45.2001 29.75 1 731521
c Вид литературы К ин
954 a Дата поступления на обработку 20010205
999 a Подразделение 2 Фил3